20 pays aux plus fort % de musulmans -Europe - Statistiques

Statistiques générales
  • Ce quiz a été pris 395 fois
  • Le résultat moyen est 15 sur 20
Statistiques - réponses
Hint Réponse % Correct
7.5% France
99%
5.0% Allemagne
93%
82.1% Albanie
88%
6.0% Belgique
87%
4.6% Royaume-Uni
86%
11.7% Russie
84%
91.7% Kosovo
82%
4.9% Suède
81%
41.6% Bosnie-Herzégovine
80%
5.5% Pays-Bas
80%
4.7% Grèce
79%
5.7% Suisse
79%
3.7% Serbie
76%
13.4% Bulgarie
75%
5.7% Autriche
74%
3.0% Norvège
74%
34.9% Macédoine du Nord
71%
4.1% Danemark
67%
18.5% Monténégro
67%
4.8% Liechtenstein
23%
Aucun quiz correspondant
Distribution des résultats
% des personnes avec chaque résultat
Percentile par nombre de réponses
Votre historique - résultats
Vous n’avez pas pris ce quiz